Регионална библиотека "Любен Каравелов" - Русе

Какво може да донесе бубарството на населението от Русенския окръг и частно на гр. Русе (Запис номер 167571)

MARC детайли
000 -Лидер
Контролно поле с фиксирана дължина 01452nam a2200349 c 4500
003 - Код на организацията, давaща контролен номер
Контролно поле BLK
005 - Дата и час на последна редакция
Контролно поле 20220222110743.0
008 - Елементи от данни с фиксирана дължина
fixed length control field 180411b bul|||||r ||||||| ||bul||
010 ## - Наследен системен номер
LC control number KNG00175382000
040 ## - Източник на каталожния запис
Идентификатор на билиотеката - собственик на записа BLK
041 ## - Код за език
Код за езика на текст/звукозапис или на отделно заглавие Български
Код за езика КДБФ Български
072 #7 - Код за тематичната категория
Код организация bullib
Код за тематична категория К
Текст Краезнание
080 ## - УДК
Текстов определител УДК Буби. Бубарство
УДК код - определител по УДК 638.2
УДК определител (497.215)
УДК - код + определител 638.2(497.215)
100 1# - Редна дума - Автор
Автор Дачев, Гани Иванов
Авторска отговорност първи автор
R(LIN) 337562
139 ## - Редно поле
Редна дума Дачев, Гани Иванов
Авторски знак Дач - Д 25
245 10 - Сведения за заглавието
Заглавие Какво може да донесе бубарството на населението от Русенския окръг и частно на гр. Русе
Подзаглавни данни Реферат
Редно поле (дума) Гани Иванов Дачев.
257 ## - Страна на издаване
Страна на създаване/издаване България
260 ## - Област на издателските данни
Име на издателя, разпространителя и проч. Русенска окр. постоянна комис.
Година на издаване 1928
Печатница Русе : печ. Учител
300 ## - Физическа характеристика
Страници 22 с.
Размери/Мащаб 24 см
380 ## - Жанр
Жанр Селско стопанство
500 ## - Общи забележки
Забележка Авт. е директор на Русенската подвижна земед. катедра. - 1000 тир.
650 #4 - Допълнително описание по предмет – тема
Основно описание – тема или топоним Русе - селско стопанство
9 (RLIN) 337517
651 #4 - Допълнително описание по предмет - топоним
Географско понятие Русе
9 (RLIN) 179462
653 ## - Ключова дума – ненормативна
Ключова дума бубарство
653 ## - Ключова дума – ненормативна
Ключова дума реферати
659 ## - Тематичен бюлетин
Тематичен бюлетин К
852 ## - Местоположение
Форматна сигнатура Цб 97151
852 ## - Местоположение
Форматна сигнатура К 63/Д 25 Г
856 4# - Електронен адрес и достъп
Електронен формат pdf - файл
856 4# - Електронен адрес и достъп
Електронен формат pdf - файл
999 ## - СИСТЕМНИ КОНТРОЛНИ НОМЕРА
Koha biblionumber 167571
Koha biblioitemnumber 167571
942 ## - АРТИКУЛИ
Вид на библиотечния материал Книги
Скрит в OPAC Не
Периодичен библиозапис Да
944 ## - СЪЗДАВАНЕ И РЕДАКЦИЯ на ЗАПИСА
Създаване/Редакция Създаване
Дата на регистрацията/редакция 15.05.2015
Статус, дата на статуса 15.05.2015 - от С1,Р / 15.05.2015
Служител, извършил регистрацията/редакцията Валя_Йорданова
944 ## - СЪЗДАВАНЕ И РЕДАКЦИЯ на ЗАПИСА
Създаване/Редакция Редакция
Дата на регистрацията/редакция 15.05.2015
Статус, дата на статуса 15.05.2015 - от С1,Р / 15.05.2015
999 ## - СИСТЕМНИ КОНТРОЛНИ НОМЕРА
Koha biblioitemnumber 167571
Наличности
Код за отписване Код за изгубен артикул Източник на класификационната схема Код за повреда Коз за рестрикции Код за отдаване Артикулен № Име на библиотеката - собственик Име на библиотеката, в която се намира в момента Статус (Текущо местоположение) Дата на вписване в системата Местоположение - отдел Цена в лева Инвентарен номер Систематично азбучна сигнатура Баркод Номер на екземпляра Цена в евро Служебна бележка Служебен тип на артикула
  Не е изгубен Universal Decimal Classification Не е повреден без рестрикции ползва се в читалня 282313 Регионална библиотека "Любен Каравелов" Русе Регионална библиотека "Любен Каравелов" Русе Краезнание 1928-01-01 Краезнание 0.20 268735 К 63/Д 25 Г 120000268735 1 0.10 N: Сф Дата: 01.01.1928 Дата инв: 10.11.2017 Бележки инв: К2017 Книги
Vip Innovations Ltd, Rousse, Bulgaria 2025